|
|
|
|
| LEADER |
00000nam0a2200000 4500 |
| 001 |
120091 |
| 005 |
20231101215602.0 |
| 035 |
|
|
|a (RuTPU)RU\TPU\book\130017
|
| 090 |
|
|
|a 120091
|
| 100 |
|
|
|a 20070816d1945 m y0rusy50 ca
|
| 101 |
0 |
|
|a rus
|
| 102 |
|
|
|a RU
|
| 105 |
|
|
|a a z 000zy
|
| 200 |
1 |
|
|a Сто лет государственной службы мер и весов в СССР
|f Комитет по делам мер и измерительных приборов при СНК СССР
|
| 210 |
|
|
|a Москва
|c ОГИЗ
|d 1945
|a Ленинград
|
| 215 |
|
|
|a 376 с.
|c ил.
|
| 610 |
1 |
|
|a меры
|
| 610 |
1 |
|
|a весы
|
| 610 |
1 |
|
|a метрологические работы
|
| 610 |
1 |
|
|a СССР
|
| 610 |
1 |
|
|a возникновение
|
| 610 |
1 |
|
|a развитие
|
| 610 |
1 |
|
|a линейные меры
|
| 610 |
1 |
|
|a измерения
|
| 610 |
1 |
|
|a проверочные работы
|
| 675 |
|
|
|a 621:53.08(09)
|v 3
|
| 712 |
0 |
2 |
|a Комитет по делам мер и измерительных приборов при СНК СССР
|2 stltpush
|3 (RuTPU)RU\TPU\col\12684
|9 25500
|
| 801 |
|
1 |
|a RU
|b 63413507
|c 20070816
|g PSBO
|
| 801 |
|
2 |
|a RU
|b 63413507
|c 20080428
|g PSBO
|
| 942 |
|
|
|c BK
|